Total quality essentials / (Record no. 347850)
[ view plain ]
| 000 -LEADER | |
|---|---|
| fixed length control field | 01201 a2200193 4500 |
| 020 ## - INTERNATIONAL STANDARD BOOK NUMBER | |
| International Standard Book Number | 0070595518 (hardcover) |
| 020 ## - INTERNATIONAL STANDARD BOOK NUMBER | |
| International Standard Book Number | 9780070595514 (hardcover) |
| 082 04 - DEWEY DECIMAL CLASSIFICATION NUMBER | |
| Classification number | 658.4013 |
| 090 ## - LOCALLY ASSIGNED LC-TYPE CALL NUMBER (OCLC); LOCAL CALL NUMBER (RLIN) | |
| -- | 5442 |
| -- | 5442 |
| 100 1# - MAIN ENTRY--PERSONAL NAME | |
| Personal name | Soin, Sarv. |
| 245 10 - TITLE STATEMENT | |
| Title | Total quality essentials / |
| Statement of responsibility, etc. | Sarv Soin, Sarv Singh Soin. |
| 250 ## - EDITION STATEMENT | |
| Edition statement | 2nd ed. |
| 260 ## - PUBLICATION, DISTRIBUTION, ETC. | |
| Place of publication, distribution, etc. | [S.l.] : |
| Name of publisher, distributor, etc. | McGraw-Hill Professional, |
| Date of publication, distribution, etc. | 1998. |
| 300 ## - PHYSICAL DESCRIPTION | |
| Extent | 362 p. ; |
| Dimensions | 24 cm. |
| 520 ## - SUMMARY, ETC. | |
| Summary, etc. | A revision of a popular guide to the key points of total quality control explained clearly and concisely for busy engineers and managers. It not only describes the significant elements of TQC, but also presents step-by-step instructions for starting, managing, and maintaining a TQC program. For those already using TQC, the book tells how to analyze a company's current capabilities--and improve them. The focus of this edition will be on the utilization of tools, techniques, and ideas for total quality creation--making the future happen, creating dependable processes and products, and maximizing efficiency. |
| 700 1# - ADDED ENTRY--PERSONAL NAME | |
| Personal name | Soin, Sarv Singh. |
| 856 40 - ELECTRONIC LOCATION AND ACCESS | |
| Materials specified | Amazon.com |
| Uniform Resource Identifier | <a href="http://www.amazon.com/exec/obidos/ASIN/0070595518/chopaconline-20">http://www.amazon.com/exec/obidos/ASIN/0070595518/chopaconline-20</a> |
| 942 ## - ADDED ENTRY ELEMENTS (KOHA) | |
| Institution code [OBSOLETE] | NBS |
| Koha item type | Book |
| Call number prefix | 658.4013 SOI |
| Withdrawn status | Lost status | Damaged status | Not for loan | Permanent Location | Current Location | Date acquired | Total Checkouts | Full call number | Barcode | Date last seen | Price effective from | Koha item type |
|---|---|---|---|---|---|---|---|---|---|---|---|---|
| Central Library (CL) | Central Library (CL) | 08/28/2013 | 658.4013 SOI | NBS2696 | 08/28/2013 | 08/28/2013 | Book |
